| 000 | 00485nam a2200133Ia 4500 | ||
|---|---|---|---|
| 008 | 171207s9999 xx 000 0 und d | ||
| 100 | _aMammar, Amel | ||
| 245 | 2 | _aA formal approach to derive an aspect oriented programming-based implementation of a secure access control filter | |
| 245 | _cAmel Mammar, Thi Mai Nguyen, Régine Laleau | ||
| 260 | _c2017 | ||
| 300 | _apages 158-178, August 2017 | ||
| 440 |
_aInformation and Software Technology _v92: |
||
| 650 | _aSOFTWARE TECHNLOGY | ||
| 999 |
_c347628 _d347628 |
||